<?xml version="1.0" encoding="UTF-8"?>
<collection xmlns="http://www.loc.gov/MARC21/slim">
<record>
  <controlfield tag="001">106348</controlfield>
  <controlfield tag="005">20210728100706.0</controlfield>
  <datafield tag="037" ind1=" " ind2=" ">
    <subfield code="a">TAZ-TFG-2021-2918</subfield>
  </datafield>
  <datafield tag="041" ind1=" " ind2=" ">
    <subfield code="a">eng</subfield>
  </datafield>
  <datafield tag="100" ind1="1" ind2=" ">
    <subfield code="a">Portero Nadal, Juan</subfield>
  </datafield>
  <datafield tag="242" ind1="0" ind2="0">
    <subfield code="a">Analysis and evaluation of grammar teaching techniques in a Primary Education classroom</subfield>
  </datafield>
  <datafield tag="245" ind1="0" ind2="0">
    <subfield code="a">Análisis y evaluación de las técnicas de la enseñanza de la gramática en una clase de Educación Primaria</subfield>
  </datafield>
  <datafield tag="260" ind1=" " ind2=" ">
    <subfield code="a">Zaragoza</subfield>
    <subfield code="b">Universidad de Zaragoza</subfield>
    <subfield code="c">2021</subfield>
  </datafield>
  <datafield tag="500" ind1=" " ind2=" ">
    <subfield code="a">Resumen disponible también en inglés</subfield>
  </datafield>
  <datafield tag="506" ind1=" " ind2=" ">
    <subfield code="a">by-nc-sa</subfield>
    <subfield code="b">Creative Commons</subfield>
    <subfield code="c">3.0</subfield>
    <subfield code="u">http://creativecommons.org/licenses/by-nc-sa/3.0/</subfield>
  </datafield>
  <datafield tag="520" ind1=" " ind2=" ">
    <subfield code="a">La gramática es sin duda una de las partes más importantes de la enseñanza de la lengua extranjera en los colegios. El objetivo de este estudio es analizar y evaluar la metodología empleada por un maestro de Primaria en su aula siguiendo los modelos didácticos vigentes en la literatura y ofrecer propuestas de mejora destinadas a optimizar la enseñanza de la gramática en el contexto descrito. Mi propósito personal era testar mi hipótesis inicial de que la enseñanza de la gramática no ha cambiado lo suficiente y que los ejercicios prácticos escritos de la gramática son todavía habituales y no un recurso puntual.   Para este análisis he empleado datos cualitativos y cuantitativos obtenidos mediante la realización de notas de campo, al análisis de materiales que son usados por los alumnos, un cuestionario dirigido a los estudiantes y una entrevista final con el profesor sobre los aspectos clave de su metodología de enseñanza de la gramática.  Los resultados han confirmado que existe una falta de tareas con un enfoque comunicativo, las actividades no están a menudo contextualizadas y los alumnos no responden a las preguntas de una forma personalizada. Como consecuencia, la metodología empleada no es adecuada para fomentar la adquisición de la gramática de la L2 con alumnos de Educación Primaria.&lt;br /></subfield>
  </datafield>
  <datafield tag="521" ind1=" " ind2=" ">
    <subfield code="a">Graduado en Magisterio en Educación Primaria</subfield>
  </datafield>
  <datafield tag="540" ind1=" " ind2=" ">
    <subfield code="a">Derechos regulados por licencia Creative Commons</subfield>
  </datafield>
  <datafield tag="700" ind1=" " ind2=" ">
    <subfield code="a">Lafuente Millán, Enrique</subfield>
    <subfield code="e">dir.</subfield>
  </datafield>
  <datafield tag="710" ind1="2" ind2=" ">
    <subfield code="a">Universidad de Zaragoza</subfield>
    <subfield code="b">Filología Inglesa y Alemana</subfield>
    <subfield code="c">Filología Inglesa</subfield>
  </datafield>
  <datafield tag="856" ind1="0" ind2=" ">
    <subfield code="f">755475@unizar.es</subfield>
  </datafield>
  <datafield tag="856" ind1="4" ind2=" ">
    <subfield code="s">1160133</subfield>
    <subfield code="u">http://zaguan.unizar.es/record/106348/files/TAZ-TFG-2021-2918_ANE.pdf</subfield>
    <subfield code="y">Anexos (eng)</subfield>
  </datafield>
  <datafield tag="856" ind1="4" ind2=" ">
    <subfield code="s">1421371</subfield>
    <subfield code="u">http://zaguan.unizar.es/record/106348/files/TAZ-TFG-2021-2918.pdf</subfield>
    <subfield code="y">Memoria (eng)</subfield>
  </datafield>
  <datafield tag="909" ind1="C" ind2="O">
    <subfield code="o">oai:zaguan.unizar.es:106348</subfield>
    <subfield code="p">driver</subfield>
    <subfield code="p">trabajos-fin-grado</subfield>
  </datafield>
  <datafield tag="950" ind1=" " ind2=" ">
    <subfield code="a"></subfield>
  </datafield>
  <datafield tag="980" ind1=" " ind2=" ">
    <subfield code="a">TAZ</subfield>
    <subfield code="b">TFG</subfield>
    <subfield code="c">FEDU</subfield>
  </datafield>
  <datafield tag="999" ind1=" " ind2=" ">
    <subfield code="a">20210627120839.CREATION_DATE</subfield>
  </datafield>
  <datafield tag="951" ind1=" " ind2=" ">
    <subfield code="a">deposita:2021-07-28</subfield>
  </datafield>
</record>
</collection>